[Event "Ljubljana-chT 63rd 3rd League"]
[Site "Ljubljana"]
[Date "2010.01.07"]
[Round "1.1"]
[White "Pustotnik, Janez"]
[Black "Glavac, Klavdij"]
[Result "1/2-1/2"]
[WhiteElo "1705"]
[BlackElo "1680"]
[PlyCount "35"]
[EventDate "2010.01.07"]
[EventType "team-tourn"]
[EventRounds "10"]
[EventCountry "SLO"]
[SourceTitle "EXT 2022"]
[Source "ChessBase"]
[SourceDate "2021.10.06"]
[SourceVersion "1"]
[SourceVersionDate "2021.10.06"]
[SourceQuality "1"]

1. d4 d5 2. c4 e6 3. Nc3 Nf6 4. Nf3 Nbd7 5. e3 Bb4 6. Bd2 0-0 7. Bd3 c6 8. Qc2 h6 9. h3 dxc4 10. Bxc4 b5 11. Bd3 a6 12. a3 Bxc3 13. Bxc3 c5 14. dxc5 Nxc5 15. Rd1 Nxd3+ 16. Rxd3 Qc7 17. 0-0 Bb7 18. Rc1 1/2-1/2